000 00783nam a2200229Ia 4500
003 GCL
005 20240530095449.0
008 140319s9999 xx 000 0 ara d
020 _a9185337977
040 _aGCL /
_cGCL
082 0 4 _a920.7262
_bق/و م
100 1 _aوفاء عبدالحميد
245 1 0 _aالمرأة المصرية.. عندما يجود الزمان /
_cوفاء عبدالحميد
250 _aالاولى
260 _aالقاهرة :
_bمركز الخبرات المهنية للادارة بميك ،
_c2005
300 _a237 ص ؛
_c25 سم
490 _aبميك
_v69
650 0 4 _aالمرأة فى الحياة العامة
650 0 4 _aالنساء - تراجم
650 0 4 _aالمرأة - احوال اجتماعية
942 _2ddc
_cBK
999 _c7530
_d7530